=LDR 00000nam 2200000 4500 =001 INLIS000000000045069 =005 20141212085553.0 =006 =007 =008 =020 ##$$a 978-8490-47-4 =035 ##$$0010-121400000000219 =040 ##$$a NBPDMAT =082 ##$$a 616 =090 ##$$a 616 $b Yen p =100 ##$$a Yenny Rahmawaty =245 ##$$a Penyakit pada sistem organ manusia / $c Yenny Rahmawaty =260 ##$$a Jakarta : $b Adfale Prima Cipta, $c 2011 =300 ##$$a iv, 76 hlm. : $b ilus. ; $c 24 cm. =500 ##$$a Indkes : hlm. 75, Bibliografi : hlm. 76 =650 ##$$a Penyakit Pada Organ Tubuh =850 ##$$a NBPDMAT